000 01536nam a2200325 a 4500
001 ebr10062730
003 CaPaEBR
006 m u
007 cr cn|||||||||
008 970723s1997 dcua sb 000 0 eng
010 _z 97033731
020 _z0309054893 (pbk.)
040 _aCaPaEBR
_cCaPaEBR
035 _a(OCoLC)649972688
050 1 4 _aRA408.M54
_bR33 1997eb
082 0 4 _a613/.0438/08900973
_221
245 0 0 _aRacial and ethnic differences in the health of older Americans
_h[electronic resource] /
_cLinda G. Martin and Beth J. Soldo, editors ; Committee on Population, Commission on Behavioral and Social Sciences and Education, National Research Council.
260 _aWashington, D.C. :
_bNational Academy Press,
_c1997.
300 _ax, 300 p. :
_bill.
500 _aRevised versions of some of the papers originally presented at a workshop held Dec. 1994 in Washington.
504 _aIncludes bibliographical references.
533 _aElectronic reproduction.
_bPalo Alto, Calif. :
_cebrary,
_d2013.
_nAvailable via World Wide Web.
_nAccess may be limited to ebrary affiliated libraries.
650 0 _aMinority older people
_xHealth and hygiene
_zUnited States.
650 0 _aMinority older people
_xDiseases
_zUnited States.
655 7 _aElectronic books.
_2local
700 1 _aMartin, Linda G.,
_d1947-
700 1 _aSoldo, Beth J.
710 2 _aebrary, Inc.
856 4 0 _uhttp://site.ebrary.com/lib/rucke/Doc?id=10062730
_zAn electronic book accessible through the World Wide Web; click to view
999 _c156734
_d156734